000
00328nam a2200145Ia 4500
008
230718s9999 xx 000 0 und d
041
_a
Eng.
082
_a
330
_b
AZI-E
100
_a
Aziz, shokat
245
0
_a
Economic survey
260
_a
Pakistan
_b
Pastenon Publisher
_c
2003
300
_a
157
650
_a
Law
999
_c
27268
_d
27268